Southville International School and Colleges
Your cart is empty.
  • Cart
  • Lists
    Public lists Eva Luna New books Lux_list list_1
    Your lists Log in to create your own lists
  • Log in to your account
  • Your cookies
  • Search history
Southville International School and Colleges
  • Advanced search
  • Recent comments
  • Most popular
  • Libraries

Log in to your account

Log in with GOOGLE


If you do not have an external account, but do have a local account, you can still log in:

  1. Home
  2. MARC view: Langit lupa
Normal view MARC view ISBD view

Langit lupa (Record no. 367106)

[ view plain ]
MARC details
000 -LEADER
fixed length control field 01001nam a22002177a 4500
003 - CONTROL NUMBER IDENTIFIER
control field 0
005 - DATE AND TIME OF LATEST TRANSACTION
control field 20250203173410.0
008 - FIXED-LENGTH DATA ELEMENTS--GENERAL INFORMATION
fixed length control field 250203b xxu||||| |||| 00| 0 eng d
050 ## - LIBRARY OF CONGRESS CALL NUMBER
Classification number HQ 519
Item number .An54 2024
100 ## - MAIN ENTRY--PERSONAL NAME
Personal name Angelito, Janeia Johanne A.
245 ## - TITLE STATEMENT
Title Langit lupa
Remainder of title a short-form komik portraying family dynamics in filipino culture through mythology cross-published on facebook, instagram and x.
Statement of responsibility, etc Janeia Johanne A. Angelito and one other.
260 ## - PUBLICATION, DISTRIBUTION, ETC. (IMPRINT)
Place of publication, distribution, etc Las Pinas City
Name of publisher, distributor, etc Southville International School and Colleges
Date of publication, distribution, etc 2024
300 ## - PHYSICAL DESCRIPTION
Extent x, 174 pages ;
Dimensions 28cm.
500 ## - GENERAL NOTE
General note Bachelor of Arts in Multimedia Arts.
504 ## - BIBLIOGRAPHY, ETC. NOTE
Bibliography, etc Includes bibliographical references and appendices.
650 ## - SUBJECT ADDED ENTRY--TOPICAL TERM
Topical term or geographic name as entry element Philippine mythology – Family representation – Comics and storytelling.
650 ## - SUBJECT ADDED ENTRY--TOPICAL TERM
Topical term or geographic name as entry element Comics and graphic novels – Digital publishing – Philippines.
650 ## - SUBJECT ADDED ENTRY--TOPICAL TERM
Topical term or geographic name as entry element Cultural narratives – Storytelling in comics – Filipino folklore.
700 ## - ADDED ENTRY--PERSONAL NAME
Personal name Dacayan, Kaila Maria S.
942 ## - ADDED ENTRY ELEMENTS (KOHA)
Source of classification or shelving scheme Library of Congress Classification
Koha item type Theses
Holdings
Withdrawn status Lost status Source of classification or shelving scheme Damaged status Home library Current library Shelving location Date acquired Source of acquisition Total Checkouts Full call number Barcode Date last seen Price effective from Koha item type
    Library of Congress Classification   College Library College Library Theses Section 02/03/2025 Donation   HQ 519 .An54 2024 T1328 02/03/2025 02/03/2025 Theses

Langit lupa

APA

Angelito J. J. A., Dacayan K. M. S., . (2024). Langit lupa. Las Pinas City: Southville International School and Colleges.

Chicago

Angelito Janeia Johanne A, Dacayan Kaila Maria S, . 2024. Langit lupa. Las Pinas City: Southville International School and Colleges.

Harvard

Angelito J. J. A., Dacayan K. M. S., . (2024). Langit lupa. Las Pinas City: Southville International School and Colleges.

MLA

Angelito Janeia Johanne A, Dacayan Kaila Maria S, . Langit lupa. Las Pinas City: Southville International School and Colleges. 2024.

  • Print
  • Cite
  • Add to your cart (remove)
  • Save record
    BIBTEX Dublin Core MARCXML MARC (non-Unicode/MARC-8) MARC (Unicode/UTF-8) MARC (Unicode/UTF-8, Standard) MODS (XML) RIS
  • More searches
    Search for this title in:
    Other Libraries (WorldCat) Other Databases (Google Scholar) Online Stores (Bookfinder.com) Open Library (openlibrary.org)

Exporting to Dublin Core...

SOUTHVILLE LIBRARY

Southville International School and Colleges Library

1281 Tropical Ave. Cor. Luxembourg St., BF Homes International, Las Pinas City

Tel. No. 8256374 / 252358 Loc. 117/146

Powered by Koha